000 00542cam a2200181 i 4500
005 20251223103818.0
008 250721s1996 su gr 000 0 ara d
082 1 4 _a218,421
_bع ب د
100 1 _aعبد الرحيم، محمد
_eمؤلف.
245 1 0 _aزمزم /
_cمحمد عبد الرحيم.
250 _aالطبعه الاولى.
264 3 1 _aدمشق :
_bدارا لحكمة،
_c1996.
300 _a175صفحه.
650 1 7 _aبئر السبع.
650 1 7 _aماء زمزم.
942 _2ddc
_cBK
999 _c4311
_d4311